| 000 | 00774aam a2200229 4500 | ||
|---|---|---|---|
| 005 | 20190610141802.0 | ||
| 008 | 150508b xxu||||| |||| 00| 0 spa d | ||
| 041 | _aspa | ||
| 082 | _a929.1 A472i | ||
| 100 |
_aAlvarado Induni, Guillermo E. _91718 |
||
| 100 |
_aAlvarado Induni, Carlos M. _937467 |
||
| 245 | _aLos Induni: orígenes de una familia de emigrantes suizos y su contribución a la imaginería, ornamentación y arquitectura en Costa Rica y Panamá 1908-2008 | ||
| 260 |
_aCosta Rica _bAlma Mater _c2008 |
||
| 300 | _a292 páginas | ||
| 650 |
_aGENEOLOGÍA _937468 |
||
| 650 |
_aCOSTA RICA _954214 |
||
| 650 |
_aLOS INDUNI _937470 |
||
| 650 |
_aORÍGENES DE LA FAMILIA _937471 |
||
| 650 |
_aEMIGRANTES SUIZOS _937472 |
||
| 650 |
_aHISTORIA _943 |
||
| 942 | _cBK | ||
| 999 |
_c5259 _d5259 |
||